000 01382cam a2200397 i 4500
001 198014
003 ES-MaACL
005 20260221063021.0
008 251215s2009 sp | |||| 000 1 spa
017 _aB 54881-2008
_bOficina Depósito Legal Barcelona
020 _a978-84-322-3184-1
040 _aES-MaACL
_bspa
_cES-MaACL
_erda
080 _a821.131.1-31"19"
100 1 _aTamaro, Susanna,
_d1957-
_9109152
_4aut
_eaut
240 1 _aLuisito.
_lEspañol
_9242819
245 1 0 _aLuisito :
_buna historia de amor /
_cSusanna Tamaro ; traducción del italiano por Guadalupe Ramírez
250 _aPrimera edición: enero 2009
264 1 _aBarcelona :
_bSeix Barral,
_c2009
264 4 _a©2009
300 _a141 páginas ;
_c22 cm
336 _2rdacontent
_atexto
337 _2rdamedia
_asin mediación
338 _2rdacarrier
_avolumen
500 _aÍndice
594 _aTraducción de: Luisito
655 4 _9233957
_aNovelas románticas
700 _4trl
_9242820
_aRamírez, Guadalupe
_etrl
852 _aES-MaACL
_cDEPO1
_jA-15952
_hDonación: José Lázaro García
_xEncuadernación cartoné
_9207084
901 _aMON0903
942 _cMONOGRAFIA
_n0
956 _a2
999 _c198014
_d198014